000
00248nam a2200097Ia 4500
001
1064283
005
20250827001712.0
008
250824s9999 xx 000 0 und d
245
0
_a
KURANDAN GERÇEKLER
_c
DİLAVER CEBECİ
260
_b
PANAMA YAYINLARI
999
_c
1064283
_d
1064283